000 00565nam a2200205Ia 4500
005 20250508164725.0
008 008 250505s9999 xx 000 0 eng d
037 _aTextual
040 _aFEDL
_beng
_cFEDL
041 _aeng
_2eng
084 _a153.0924, VYG
_qFEDL
100 _aWertsch James V
245 0 _aVygotsky and the social formation of mind
260 _aCambridge
_bHarvard University Press
_c1985
300 _a262p.
365 _aUSD
_b17.5
546 _aMACESE
942 _cTEXL
_h153.0924, VYG
999 _c1390771
_d1390771